000 00622nam a2200265Ia 4500
005 20260324152659.0
008 008 260324s9999 xx 000 0 eng d
020 _a9780128040416
037 _aEBOOK
040 _aCRL
040 _beng
040 _cCRL
041 _2eng
041 _aeng
084 _qCRL
100 _aMarinescu, Dan
_9901217
245 0 _aComplex Systems and Clouds
260 _bElsevier
260 _c2016
650 _aComputer Science
856 _uhttps://www.sciencedirect.com/science/book/9780128040416
942 _cEBOOK
999 _c1840241
_d1840241